000 00981nam a22002537a 4500
001 07613
003 HDC
007 cr bn ---
008 210128b2014 ||||| |||| 00| 0 eng d
040 _aHDC
100 _aSylvania, Francisca Sarah
_eauthor
_98138
245 0 _aImpact of Perceived Value on Customer Satisfaction and Post-Dining Intentional Behavior of Indonesian Restaurants' Customers In Thailand / by
_cFrancisca Sarah Sylvania
260 _a[No place] :
_b[publisher not identified],
_c2014
300 _a1 online resource (112 pages)
336 _atext
_2rdacontent
337 _acomputer
_2rdamedia
338 _aonline resource
_2rdacarrier
650 _acustomer satisfaction
_9551
650 _aIndonesian restaurant
_98139
856 _zRequest full-text at [email protected]
942 _2lcc
942 _cTHE
942 _kTHES 000048
999 _c4936
_d4936